| 000 | 00346nam a22001217a 4500 | ||
|---|---|---|---|
| 008 | 181127b xxu||||| |||| 00| 0 eng d | ||
| 041 | _aeng | ||
| 080 | _a043.3 | ||
| 100 | _a0 | ||
| 101 | _aBTH-MBE | ||
| 245 |
_aAnaliza e statistikave të arsimit dhe të tregut të punës përmes treguesve të zgjedhur statistikor _cBlaku,N |
||
| 942 |
_2udc _cBK |
||
| 999 |
_c52558 _d52558 |
||